LDR 00993nam a2200253 i 4500 001 000000104649 003 CaOOAMICUS 005 20260522155525.0 008 011207s1986 it u000 u ita u 020 $a88-06-59725-6 040 $aSeMil$bita 245 13$aLa Toscana /$ca cura di Giorgio Mori. 264 1$aTorino :$bEinaudi,$c1986. 300 $aXXII, 1049 p., [24] c. di tav. :$bill. ;$c22 cm 650 4$aToscana - Storia - Sec. 19.-20.$0(OLS)http://semarc/subject/60339 700 1 $aMori, Giorgio.$0(OLS)http://semarc/name/44217 773 0 $tStoria d'Italia.$dTorino : Einaudi, 1977-2002.$w()3449 850 $aSeMil 852 $aSeMil$W1$xVenegono$y1$mSL1.J V 4$j272404$B60952$CSeMilBibl$Z2$F70193 $8I 961 $aSottoscrizione: Einaudi (Agente) 996 $6020$a88-06-59725-6$9(OLS)http://semarc/number/84542 996 $6245$aLa Toscana$9(OLS)http://semarc/title/151630 996 $6264$aTorino :$bEinaudi$9(OLS)http://semarc/publisher/29884